| 000 | 00825nam a22001815i 4500 | ||
|---|---|---|---|
| 001 | 164270 | ||
| 003 | ES-MaACL | ||
| 005 | 20230906212914.0 | ||
| 008 | 050727s1880 sp | |||||||| ||spa d | ||
| 040 |
_aCAM _bspa _cCAM |
||
| 100 | 1 |
_aSáez de Montoya, Constantino. _9132996 |
|
| 245 | 1 | 3 |
_aLa philoxera en Portugal y sus relaciones con los viñedos españoles _b: conferencia pronunciada el dia 9 de noviembre de 1879 en el Conservatorio de Artes / _cpor Constantino Sáez de Montoya. |
| 260 |
_aMadrid : _b[s.n.], _c1880 ( _fImprenta de Ramón Moreno y Ricardo Rojas) |
||
| 300 |
_a27 p. ; _c23 cm. |
||
| 650 | 4 |
_aFiloxera. _9136118 |
|
| 650 | 4 |
_aViticultura. _9136993 |
|
| 852 |
_aES-MaACL _jT-331-F-7 _z-- Enc. hol., falto de la cub. original _z-- An. ms.: ded. del autor al Ateneo de Madrid _z-- Enc. en un vol. facticio |
||
| 999 |
_c164270 _d164270 |
||